| 000 | 00957cam a2200205 4500 | ||
|---|---|---|---|
| 001 | X125795 | ||
| 008 | 040408n2004 000 0 eng u | ||
| 035 | _a(Sirsi) u125795 | ||
| 100 | _aLowe, C. | ||
| 245 | _aBio-remediation - earthworms get their fill | ||
| 260 | _c2004 | ||
| 490 |
_aWastes Management _v March 2004, 16-17(2) |
||
| 520 | _aReports on some of the latest land remediation techniques. Discusses the use of earthworms in landfill cap restoration, suggesting their activities such as deep burrowing, shallow working and litter dwelling, can enhance restoration in degraded land. Current trials are investigating their development and examines the Earthworm Inoculation Unit technique, which seeks to introduce worms into controlled scenarios. | ||
| 650 | _aEARTHWORMS | ||
| 650 | _aBIO-REMEDIATION | ||
| 650 | _aLAND REMEDIATION | ||
| 650 | _aLANDFILL | ||
| 690 | _aENVIRONMENTAL AND LAND CONSULTANCY-WASTE MANAGEMENT | ||
| 942 | _n0 | ||
| 999 |
_c74361 _d74361 |
||